Statistics for Country by historical famous person

Click here to take the quiz!

General Stats

  • This quiz has been taken 35 times
  • The average score is 5 of 8

Answer Stats

HintWhat they are most known forAnswer% Correct
Abraham Lincoln
The 16th President and issued the Emancipation Proclamation that declared forever free those slaves within the Confederacy in 1863.
USA
97%
Albert EinsteinE=mc2, and he revolutionized our understanding of space, time, gravity, and the universe.Germany
94%
Valentina TereshkovaShe was the first and youngest women in space, and orbited the earth 48 times.Russia
94%
Marie CurieShe discovered two new elements: radium and polonium, and studied radioactivity.Poland
88%
Mansa MusaHe was the ninth Mansa (king) of a empire, and is known as the richest man, but his actual wealth is not known.Mali
55%
Tu YouyouShe discovered a traditional cure for malaria in the 1970s, which saved millions of lives.China
52%
Johannes VermeerHe was a famous Baroque Period painter, and one of his most famous paintings was Girl with pearl earing.Denmark
12%
Gisèle Rabesahala
She was a politician and activist (61 May 1929 - 27 June 2011) who was the first woman to hold a ministerial position in government in her country.
Madagascar
9%

Score Distribution

Percentile by Number Answered

Percent of People with Each Score

Your Score History

You have not taken this quiz